Como respiram os astronautas e outros problemas de física biomédica (Registo nº 199960)

Detalhes MARC
000 -Etiqueta do registo
Valores 00662nam 22002413 4500
010 ## - Número ISBN
ISBN 972-662-997-9
021 ## - Número do Depósito Legal
Código do país Portugal
Número 218 229/2004
100 ## - Dados gerais de processamento
Dados gerais 20260115d u||y0pory50 ba
101 ## - Língua de publicação
Língua Português
102 ## - País de publicação
País Portugal
200 ## - Titulo e menção de responsabilidade
Título próprio Como respiram os astronautas e outros problemas de física biomédica
Primeira menção de responsabilidade Manuel Paiva
205 ## - Menção da edição
Edição
210 ## - Publicação
Local de publicação Lisboa
Nome do editor Gradiva
Data de publicação 2004
215 ## - Descrição física 
Paginação / Volumes 114, [2] p.
Outras indicações físicas brochado
Dimensões 21 cm
225 ## - Colecção 
Título próprio da colecção Ciência aberta
Indicação de volume 136
606 ## - Nome comum usado como assunto
ID Autoridade 8728
Palavra de ordem Ciências Puras- Física
675 ## - CDU
Notação 53
Edição PT
Língua por
700 ## - Autor principal (pessoa individual)
ID Autoridade 15788
Apelido Paiva
Nome Manuel
Datas 1943-
801 ## - Fonte de origem
País PT
Agência BMMN
Regras de catalogação RPC
830 ## - Notas gerais do catalogador
Criado por Ana
Indexado por Ana
990 ## - Elementos KOHA
Tipo de documento Livro
Exemplares
Situação do levantamento Biblioteca de origem Código de barras Cota Permissão de empréstimo Tipo de documento Forma de aquisição
  Biblioteca Municipal de Montemor-o-Novo 29021 53 PAI|DEP   Livro Compra

Powered by Koha